|
|
|
|
| LEADER |
00000nam0a2200000 4500 |
| 001 |
144696 |
| 005 |
20231031143759.0 |
| 010 |
|
|
|a 527000934X
|
| 020 |
|
|
|a RU
|b 89-73228
|
| 035 |
|
|
|a (RuTPU)RU\TPU\book\156818
|
| 090 |
|
|
|a 144696
|
| 100 |
|
|
|a 20081007d1989 m y0rusy5003 ca
|
| 101 |
1 |
|
|a rus
|c chi
|
| 102 |
|
|
|a RU
|
| 105 |
|
|
|a y z 000ay
|
| 200 |
1 |
|
|a Мост над рекой времени
|e Сборник произведений русских и китайских авторов
|f сост. В. И. Семанов ; Б. Г. Валентинов ; худож. А. Ф. Сергеев
|
| 210 |
|
|
|a Москва
|c Современник
|d 1989
|
| 215 |
|
|
|a 474,[1] с.
|c ил.
|
| 225 |
1 |
|
|a Библиотека "Дерево дружбы"
|
| 333 |
|
|
|a Исключено из фонда НТБ ТПУ
|
| 702 |
|
1 |
|a Семанов
|b В. И.
|g Владимир Иванович
|4 220
|
| 702 |
|
1 |
|a Валентинов
|b Б. Г.
|g Борис Геннадьевич
|4 220
|
| 702 |
|
1 |
|a Сергеев
|b А. Ф.
|4 440
|
| 801 |
|
0 |
|a RU
|b RuMRKP
|c 19950417
|g psbo
|
| 801 |
|
1 |
|a RU
|b 63413507
|c 20081007
|g PSBO
|
| 801 |
|
2 |
|a RU
|b 63413507
|c 20220516
|g PSBO
|
| 942 |
|
|
|c BK
|